| 000 | 00899nam a22002537a 4500 | ||
|---|---|---|---|
| 005 | 20091005111630.0 | ||
| 008 | 091005t xxu||||| |||| 00| 0 eng d | ||
| 010 | _aENG-95069 | ||
| 020 |
_a8188569178 _c195.00 |
||
| 020 |
_a9788188569175 _c195.00 |
||
| 035 | _aEN-78602 | ||
| 037 | _bDBAD/PUB | ||
| 040 |
_aDPL _bENG |
||
| 082 | _a230.35 | ||
| 100 | _aDesai, Sonavi | ||
| 240 |
_aSpiritual Msters Sai Baba _hENG |
||
| 245 |
_aSai baba _cSonavi Desai |
||
| 260 |
_aMumbai _bIndus Source Books _c2008 |
||
| 270 |
_aPO box 6194, Malabar Hill PO _bMumbai _e400006 |
||
| 300 |
_axvi, 209 p. _c21cm (Pbk) |
||
| 600 |
_aSri Sai Baba, _d1836-1918 _z( Maharashtra ) India |
||
| 942 |
_2ddc _cEN _mDES _h230.35 |
||
| 999 |
_c30771 _d30771 |
||